| 000 | 01625nam a2200301Ia 4500 | ||
|---|---|---|---|
| 999 |
_c52987 _d52987 |
||
| 001 | 20018 | ||
| 003 | GE_BSU | ||
| 005 | 20200601143943.0 | ||
| 008 | 181216s2008||||ge |||||||||||||| ||geo|| | ||
| 020 | _aISBN 978-9941-13-050-2 | ||
| 040 | _cGE_BSU | ||
| 041 | _ageo | ||
| 080 | _a81'1 ჩ-69 | ||
| 100 |
_aჩიქობავა, არნოლდ _91234 |
||
| 245 |
_aენათმეცნიერების შესავალი = Introduction to linguistics : _b[სახელმძღვ. ფილოლ. ფაკ. სტუდ.] / _cარნოლდ ჩიქობავა ; რედ. და წინასიტყვ. გ. კვარაცხელიასი. |
||
| 264 |
_aთბილისი : _bთბილ. უნ-ტის გამ-ბა, _c2008. |
||
| 300 |
_a338 გვ. ; _c20 სმ. |
||
| 490 | _a(სამეცნიერო კლასიკა) | ||
| 504 | _aბიბლიოგრაფია ტექსტების შენიშვნებში | ||
| 541 | _h18ლ. | ||
| 653 | _aენათმეცნიერების შესავალი | ||
| 653 | _aენათმეცნიერება | ||
| 700 |
_a კვარაცხელია, გ. _eრედაქტორი _98268 |
||
| 710 |
_aენათმეცნიერების ინსტიტუტი _98269 |
||
| 710 |
_aთსუ-ს ჰუმანიტარული მეცნიერების ფაკულტეტი _98270 |
||
| 710 |
_aკავკასიოლოგიის ინსტიტუტი _98271 |
||
| 942 |
_cBK _2udc |
||